Droit des personnes, droit de la famille : Cours, exercices corrigés (notice n° 1566120)

détails MARC
000 -LEADER
fixed length control field 01018cam a2200145 4500500
005 - DATE AND TIME OF LATEST TRANSACTION
control field 20251214001352.0
041 ## - LANGUAGE CODE
Language code of text/sound track or separate title fre
042 ## - AUTHENTICATION CODE
Authentication code dc
100 10 - MAIN ENTRY--PERSONAL NAME
Personal name Fiorentino, Allison
Relator term author
245 00 - TITLE STATEMENT
Title Droit des personnes, droit de la famille : Cours, exercices corrigés
260 ## - PUBLICATION, DISTRIBUTION, ETC.
Name of publisher, distributor, etc. Armand Colin,<br/>
Date of publication, distribution, etc. 2012.<br/>
520 ## - SUMMARY, ETC.
Summary, etc. Parfaitement conforme à l'enseignement du droit des personnes en L1, cet ouvrage présente successivement : le droit des personnes, le droit de la famille. Conçu comme un manuel et un outil de préparation aux TDs, l'ensemble du cours est présenté à travers les trois exercices qui servent à évaluer les connaissances : dissertations, commentaires d'arrêt et cas pratique. Cette nouvelle édition, revue et corrigée, prend en compte les évolutions les plus récentes de la législation et de la jurisprudence.
700 10 - ADDED ENTRY--PERSONAL NAME
Personal name Hascoët, Marie
Relator term author
856 41 - ELECTRONIC LOCATION AND ACCESS
Uniform Resource Identifier <a href="https://droit.cairn.info/droit-des-personnes-droit-de-la-famille--9782200281250?lang=fr&redirect-ssocas=7080">https://droit.cairn.info/droit-des-personnes-droit-de-la-famille--9782200281250?lang=fr&redirect-ssocas=7080</a>

Pas d'exemplaire disponible.

PLUDOC

PLUDOC est la plateforme unique et centralisée de gestion des bibliothèques physiques et numériques de Guinée administré par le CEDUST. Elle est la plus grande base de données de ressources documentaires pour les Étudiants, Enseignants chercheurs et Chercheurs de Guinée.

Adresse

627 919 101/664 919 101

25 boulevard du commerce
Kaloum, Conakry, Guinée

Réseaux sociaux

Powered by Netsen Group @ 2025